Normal view MARC view

Entry Personal Name

Number of records used in: 1

001 - CONTROL NUMBER

  • control field: 26236

003 - CONTROL NUMBER IDENTIFIER

  • control field: OSt

005 - DATE AND TIME OF LATEST TRANSACTION

  • control field: 20210803110251.0

008 - FIXED-LENGTH DATA ELEMENTS

  • fixed length control field: 210803|| aca||aabn | a|a d

040 ## - CATALOGING SOURCE

  • Original cataloging agency: OSt
  • Transcribing agency: OSt

100 ## - HEADING--PERSONAL NAME

  • Personal name: Andrabi, T., Das, J., Khwaja, A.I. and Singh, N.

670 ## - SOURCE DATA FOUND

  • Source citation: Work cat.: (OSt)517270: Andrabi, T., Das, J., Khwaja, A.I. and Singh, N., Upping the ante: The equilibrium effects of unconditional grants to private schools

Powered by Koha